| Tag |
First Indicator |
Second Indicator |
Subfields |
| LEADER |
00000cam a2200000 a 4500 |
| 001 |
in00001138513 |
| 005 |
20151001050829.0 |
| 008 |
931008s1992 txu s000 0 eng d |
| 035 |
|
|
|a (OCoLC)28959712
|
| 035 |
|
|
|9 AGB8454AM
|
| 040 |
|
|
|a IKM
|c IKM
|d TXA
|d UtOrBLW
|
| 049 |
|
|
|a TXAM
|
| 086 |
|
|
|a T1311.7 R311 NO. 1262-1F
|2 txdocs
|
| 090 |
|
|
|a HE203
|b .T43 no.1262-1F
|
| 100 |
1 |
|
|a Hancher, Donn E.
|
| 245 |
1 |
0 |
|a Construction contract time determination /
|c by Donn E. Hancher, William F. McFarland, and Rifat T. Alabay.
|
| 264 |
|
1 |
|a College Station, Tex. :
|b Texas Transportation Institute, Texas A & M University System ;
|a [Springfield, Va.] :
|b [available through National Technical Information Service],
|c [1992]
|
| 300 |
|
|
|a xi, 134 pages, 63 unnumbered pages :
|b illustrations ;
|c 28 cm.
|
| 336 |
|
|
|a text
|b txt
|2 rdacontent
|
| 337 |
|
|
|a unmediated
|b n
|2 rdamedia
|
| 338 |
|
|
|a volume
|b nc
|2 rdacarrier
|
| 490 |
1 |
|
|a Research report ;
|v 1262-1F
|
| 500 |
|
|
|a "Sponsored by the Texas Department of Transportation in cooperation with U.S. Department of Transportation, Federal Highway Administration."
|
| 504 |
|
|
|a Includes bibliographical references (page 134).
|
| 650 |
|
0 |
|a Roads
|x Design and construction.
|
| 650 |
|
0 |
|a Road construction contracts.
|
| 700 |
1 |
|
|a McFarland, William F.
|
| 700 |
1 |
|
|a Alabay, Rifat T.
|
| 710 |
2 |
|
|a Texas Transportation Institute.
|
| 710 |
1 |
|
|a Texas.
|b Department of Transportation.
|
| 830 |
|
0 |
|a Research report (Austin, Tex.) ;
|v 1262-1F.
|
| 999 |
|
|
|a MARS
|
| 999 |
f |
f |
|s c27a0960-0d95-353e-bb01-ee1b9c204da2
|i c5768285-ab16-3b08-bc19-2572a78646fc
|t 0
|
| 952 |
f |
f |
|p ric
|a Texas A&M University
|b Rellis Campus
|c Joint Library Facility
|s JLF
|d Remote Storage
|t 0
|e HE203 .T43 no.1262-1F
|h Library of Congress classification
|i unmediated -- volume
|m A14817638879
|
| 998 |
f |
f |
|a HE203 .T43 no.1262-1F
|t 0
|l Remote Storage
|